000 00925nas a2200301 4500
001 BR0400741
003 BR-BrBNA
005 20231205104335.0
007 ta
008 230509b bl.|||p| |||| 00| 00por d
040 _aBR-BrBNA
_bpor
_cBiblioteca Nacional de Agricultura
041 _a(Pt)
072 _aL53; L20
100 1 _aCruz, J.F.
100 1 _aGuimarães, M.F.
100 1 _aMarques, M.B.
100 1 _aOliveira, D.F.
100 1 _aTeixeira, D.I.A.
100 1 _aRondina, D.
100 1 _aFreitas, V.J.F.
245 1 _aComportamento sexual de cabras da raça Saanen criadas na região Nordeste do Brasil
650 _aCAPRINO
650 _aCOMPORTAMENTO SEXUAL
650 _aREPRODUÇÃO ANIMAL
773 0 _tRevista Brasileira de Reprodução Animal (Brazil)
_xISSN 0102-0803
_g(Apr-Jun 2003), v. 27(2) p. 247-249
_wBR0400741
909 _a202311
_bLúcia
_c55
_dLúcia Elande
942 _2AGRIS
_n0
_cANA
999 _c177649
_d177649